[Event "AUT-chT2O 1920"]
[Site "Austria"]
[Date "2019.11.16"]
[Round "3.5"]
[White "Trippold, Denise"]
[Black "Kropik, Martin"]
[Result "1/2-1/2"]
[WhiteElo "2180"]
[BlackElo "2093"]
[PlyCount "141"]
[EventDate "2019.10.19"]
[EventType "team-tourn"]
[EventRounds "11"]
[EventCountry "AUT"]
[SourceTitle "CBM 193 Extra"]
[Source "ChessBase"]
[SourceDate "2020.01.31"]
[SourceVersion "1"]
[SourceVersionDate "2020.01.31"]
[SourceQuality "1"]
[WhiteTeam "Baden Invest"]
[BlackTeam "Donaustadt"]
[WhiteTeamCountry "AUT"]
[BlackTeamCountry "AUT"]

1. d4 Nf6 2. Nf3 g6 3. c4 Bg7 4. Nc3 d5 5. cxd5 Nxd5 6. e4 Nxc3 7. bxc3 0-0 8. Be3 c5 9. Qd2 Qa5 10. Rc1 cxd4 11. cxd4 Qxd2+ 12. Bxd2 Rd8 13. Bg5 f6 14. Be3 f5 15. Bc4+ Kf8 16. Ng5 Bxd4 17. Bxd4 Rxd4 18. Be6 Nd7 19. exf5 h6 20. Nf3 Rd6 21. 0-0 gxf5 22. Bxf5 Nb6 23. Be4 Nd5 24. Rfd1 Nf6 25. Bb1 Rxd1+ 26. Rxd1 Bg4 27. h3 Bxf3 28. gxf3 Rc8 29. Kg2 b5 30. Bf5 Rb8 31. Be6 a5 32. Kg3 a4 33. Kf4 b4 34. Rb1 Rb6 35. Ke5 Ke8 36. Bc4 Nd7+ 37. Kd4 Rd6+ 38. Ke3 Rb6 39. Kd4 Rd6+ 40. Ke3 Rb6 41. Bd5 e6 42. Be4 Ke7 43. f4 b3 44. axb3 axb3 45. Bf3 b2 46. Bd1 Nf6 47. Kd4 Rb4+ 48. Kc3 Nd5+ 49. Kc2 Nxf4 50. h4 Nh3 51. Rxb2 Rxb2+ 52. Kxb2 Nxf2 53. Bf3 Kf6 54. Kc2 Ke5 55. Kd2 Kf4 56. Ke2 Ng4 57. Bc6 Nf6 58. Kf2 e5 59. Bb7 Kg4 60. Ke3 Kxh4 61. Bf3 Kg5 62. Bb7 h5 63. Bc8 h4 64. Kf3 Ng4 65. Be6 h3 66. Kg3 h2 67. Kg2 Kf4 68. Bc8 e4 69. Ba6 Ke3 70. Bb7 Kd2 71. Bxe4 1/2-1/2

[Event "AUT-chT2O 1819"]
[Site "Austria"]
[Date "2019.01.13"]
[Round "7.2"]
[White "Kropik, Martin"]
[Black "Mozny, Milos"]
[Result "1/2-1/2"]
[WhiteElo "2098"]
[BlackElo "2283"]
[PlyCount "91"]
[EventDate "2018.10.06"]
[EventType "team-tourn"]
[EventRounds "11"]
[EventCountry "AUT"]
[SourceTitle "CBM 189 Extra"]
[Source "ChessBase"]
[SourceDate "2019.06.03"]
[SourceVersion "1"]
[SourceVersionDate "2019.06.03"]
[SourceQuality "1"]
[WhiteTeam "Donaustadt"]
[BlackTeam "Hietzing"]
[WhiteTeamCountry "AUT"]
[BlackTeamCountry "AUT"]

1. d4 d5 2. c4 e6 3. Nc3 c5 4. cxd5 exd5 5. Nf3 Nc6 6. g3 Nf6 7. Bg2 c4 8. 0-0 Be7 9. Ne5 0-0 10. Bg5 Be6 11. b3 Qa5 12. Nxc6 bxc6 13. Qc2 Rac8 14. bxc4 dxc4 15. Bd2 Qh5 16. Rab1 c5 17. dxc5 Bxc5 18. e3 Bf5 19. e4 Bh3 20. Na4 Bd4 21. Bc3 Bxc3 22. Nxc3 Ng4 23. Rb5 f5 24. exf5 a6 25. Rd5 Bxg2 26. Kxg2 Qxh2+ 27. Kf3 Qh3 28. Re1 Nh2+ 29. Ke3 Rfe8+ 30. Ne4 Qg2 31. Re2 Nf3 32. Rd7 Ng5 33. Kf4 Rxe4+ 34. Rxe4 Qxe4+ 35. Qxe4 Nxe4 36. Kxe4 c3 37. Rd1 c2 38. Rc1 Kf7 39. Kd3 Kf6 40. Rxc2 Rxc2 41. Kxc2 Kxf5 42. f3 h5 43. Kd3 g5 44. Ke3 h4 45. gxh4 gxh4 46. Kf2 1/2-1/2

[Event "Weiz-ch 12th"]
[Site "Weiz"]
[Date "2013.05.30"]
[Round "1"]
[White "Uksini, Bardhyl"]
[Black "Kropik, Martin"]
[Result "1/2-1/2"]
[WhiteElo "1943"]
[BlackElo "2125"]
[PlyCount "35"]
[EventDate "2013.05.30"]
[EventType "swiss"]
[EventRounds "5"]
[EventCountry "AUT"]
[SourceTitle "CBM 154 Extra"]
[Source "ChessBase"]
[SourceDate "2013.06.25"]
[SourceVersion "2"]
[SourceVersionDate "2013.06.25"]
[SourceQuality "1"]

1. Nf3 Nf6 2. g3 g6 3. Bg2 Bg7 4. 0-0 0-0 5. c4 d5 6. cxd5 Nxd5 7. Nc3 Nxc3 8. dxc3 Qxd1 9. Rxd1 Nc6 10. Be3 Be6 11. Nd2 Ne5 12. Bc5 Rfd8 13. Bxe7 Rd7 14. Bb4 Rad8 15. Ba5 Rxd2 16. Rxd2 Rxd2 17. Bxb7 Rxb2 18. Ba6 1/2-1/2

[Event "AUT-chT2O 1213"]
[Site "Austria"]
[Date "2013.03.09"]
[Round "8.3"]
[White "Neumeier, Klaus"]
[Black "Kropik, Martin"]
[Result "1-0"]
[WhiteElo "2255"]
[BlackElo "2133"]
[PlyCount "65"]
[EventDate "2012.10.06"]
[EventType "team-tourn"]
[EventRounds "11"]
[EventCountry "AUT"]
[SourceTitle "EXT 2014"]
[Source "ChessBase"]
[SourceDate "2013.11.20"]
[SourceVersion "1"]
[SourceVersionDate "2013.11.20"]
[SourceQuality "1"]
[WhiteTeam "Eichgraben"]
[BlackTeam "Hietzing"]
[WhiteTeamCountry "AUT"]
[BlackTeamCountry "AUT"]

1. d4 Nf6 2. Nf3 g6 3. c4 Bg7 4. Nc3 d5 5. e3 0-0 6. cxd5 Nxd5 7. Bc4 Nb6 8. Bb3 Na6 9. 0-0 c5 10. Qe2 Qc7 11. Rd1 c4 12. Bc2 Nb4 13. Bb1 Bd7 14. e4 Ba4 15. Nxa4 Nxa4 16. a3 Na6 17. Bc2 Qc6 18. Bxa4 Qxa4 19. Bg5 Rfe8 20. Rac1 Rac8 21. Rc3 b5 22. Rdc1 Rcd8 23. Qe3 Rd7 24. Bh6 e5 25. Bxg7 Kxg7 26. d5 Rc7 27. h4 Nc5 28. b3 Nxb3 29. Rxb3 Qxb3 30. Qxb3 cxb3 31. Rxc7 b2 32. Nd2 b4 33. axb4 1-0

[Event "AUT-chT2O 1213"]
[Site "Austria"]
[Date "2013.02.03"]
[Round "7.3"]
[White "Kropik, Martin"]
[Black "Schneider Zinner, Harald"]
[Result "0-1"]
[WhiteElo "2133"]
[BlackElo "2369"]
[PlyCount "80"]
[EventDate "2012.10.06"]
[EventType "team-tourn"]
[EventRounds "11"]
[EventCountry "AUT"]
[SourceTitle "EXT 2014"]
[Source "ChessBase"]
[SourceDate "2013.11.20"]
[SourceVersion "1"]
[SourceVersionDate "2013.11.20"]
[SourceQuality "1"]
[WhiteTeam "Hietzing"]
[BlackTeam "Wien Ottakring"]
[WhiteTeamCountry "AUT"]
[BlackTeamCountry "AUT"]

1. d4 d5 2. c4 e6 3. Nc3 Nf6 4. cxd5 exd5 5. Bg5 c6 6. Qc2 Be7 7. e3 Nbd7 8. Bd3 Nh5 9. Bxe7 Qxe7 10. Nge2 Nb6 11. 0-0-0 g6 12. Kb1 Ng7 13. Ng3 h5 14. h4 Be6 15. Rc1 0-0-0 16. Na4 Kb8 17. Qb3 Nxa4 18. Qxa4 Ne8 19. Rc3 Nd6 20. Ra3 Nc8 21. Ne2 Qf6 22. Nf4 Bf5 23. g3 Bxd3+ 24. Nxd3 Qf5 25. Rc1 f6 26. Ka1 Rh7 27. Rb3 Nb6 28. Qa5 Re8 29. Qc5 Rc7 30. Ra3 Nc8 31. b4 b6 32. Qc2 Nd6 33. Qa4 Rec8 34. Rac3 Nb5 35. Rb3 Kb7 36. Nf4 g5 37. hxg5 fxg5 38. Nxh5 Qxf2 39. Rd3 Re8 40. Qb3 Nd6 0-1

[Event "AUT-ch"]
[Site "Zwettl"]
[Date "2012.07.27"]
[Round "7"]
[White "Kropik, Martin"]
[Black "Spiesberger, Gerhard"]
[Result "1-0"]
[WhiteElo "2129"]
[BlackElo "2130"]
[PlyCount "105"]
[EventDate "2012.07.21"]
[EventType "swiss"]
[EventRounds "9"]
[EventCountry "AUT"]
[SourceTitle "CBM 149 Extra"]
[Source "ChessBase"]
[SourceDate "2012.08.24"]
[SourceVersion "1"]
[SourceVersionDate "2012.08.24"]
[SourceQuality "1"]

1. d4 e6 2. c4 Bb4+ 3. Bd2 Qe7 4. Nc3 f5 5. e3 Nf6 6. Bd3 0-0 7. Nge2 d6 8. a3 Bxc3 9. Nxc3 e5 10. dxe5 dxe5 11. e4 Nc6 12. Bg5 Qe8 13. exf5 e4 14. Bxe4 Bxf5 15. f3 Rd8 16. Qb1 Nxe4 17. fxe4 Qg6 18. 0-0 Qxg5 19. Rxf5 Rxf5 20. exf5 Rd2 21. Qe4 Qe7 22. Qe6+ Qxe6 23. fxe6 Rxb2 24. Re1 Rc2 25. Nd5 Rxc4 26. e7 Nxe7 27. Rxe7 Ra4 28. Rxc7 Rxa3 29. Rxb7 a5 30. Ra7 a4 31. Nf4 g5 32. Nh5 h6 33. Nf6+ Kf8 34. Kf2 Ra1 35. Kg3 a3 36. Kg4 Rf1 37. Nh7+ Kg8 38. Nxg5 hxg5 39. Rxa3 Rf2 40. Rg3 Kh7 41. Kxg5 Kg7 42. Kh5+ Kh7 43. Rg5 Kh8 44. h4 Kh7 45. g4 Kh8 46. Ra5 Rf4 47. g5 Rb4 48. Kh6 Rb6+ 49. g6 Rb8 50. Kg5 Rb1 51. h5 Rb8 52. h6 Rc8 53. h7 1-0

[Event "AUT-ch"]
[Site "Zwettl"]
[Date "2012.07.26"]
[Round "6"]
[White "Prager, Manfred1111"]
[Black "Kropik, Martin"]
[Result "1/2-1/2"]
[WhiteElo "2035"]
[BlackElo "2129"]
[PlyCount "100"]
[EventDate "2012.07.21"]
[EventType "swiss"]
[EventRounds "9"]
[EventCountry "AUT"]
[SourceTitle "CBM 149 Extra"]
[Source "ChessBase"]
[SourceDate "2012.08.24"]
[SourceVersion "1"]
[SourceVersionDate "2012.08.24"]
[SourceQuality "1"]

1. e4 d6 2. d4 Nf6 3. Nc3 c6 4. Nf3 Qa5 5. Bd2 Qc7 6. Be2 e5 7. 0-0 Be7 8. Bg5 0-0 9. h3 Nbd7 10. Qd2 b5 11. a3 a6 12. Rfd1 Re8 13. Bf1 Bf8 14. dxe5 dxe5 15. Qe1 h6 16. Be3 Nc5 17. Nd2 Ne6 18. Nf3 Nc5 19. Nd2 Be6 20. f3 Ncd7 21. Qf2 Kh8 22. Nb3 a5 23. Nc5 Nxc5 24. Bxc5 Nd7 25. Bxf8 Rxf8 26. b3 Rad8 27. Rd2 Nb6 28. Rad1 Rxd2 29. Qxd2 Nd7 30. Kh2 Rc8 31. Qe3 Qb6 32. Qd2 Kg8 33. Nb1 Qc5 34. b4 axb4 35. axb4 Qe7 36. Qc3 Qd8 37. Rd6 Qc7 38. Rd1 Kf8 39. Na3 Ke8 40. Qb2 Nb6 41. c3 Rd8 42. Qc1 Rxd1 43. Qxd1 Qd7 44. Qc1 Qd6 45. Qe3 Nd7 46. Be2 Ke7 47. Kg1 Qb8 48. Kh2 Qb6 49. Qxb6 Nxb6 50. Kg1 Kd6 1/2-1/2

[Event "AUT-ch"]
[Site "Zwettl"]
[Date "2012.07.21"]
[Round "1"]
[White "Wallner, Joachim"]
[Black "Kropik, Martin"]
[Result "1-0"]
[WhiteElo "2309"]
[BlackElo "2129"]
[PlyCount "49"]
[EventDate "2012.07.21"]
[EventType "swiss"]
[EventRounds "9"]
[EventCountry "AUT"]
[SourceTitle "CBM 149 Extra"]
[Source "ChessBase"]
[SourceDate "2012.08.24"]
[SourceVersion "1"]
[SourceVersionDate "2012.08.24"]
[SourceQuality "1"]

1. b3 Nf6 2. Bb2 g6 3. c4 Bg7 4. e3 0-0 5. Nf3 d6 6. Be2 e5 7. d3 Nbd7 8. Qc2 Re8 9. Nc3 c6 10. 0-0 Nf8 11. Rfd1 h5 12. Rac1 N8h7 13. b4 Bh6 14. Ne4 Ng4 15. c5 d5 16. Nd6 d4 17. exd4 exd4 18. Nxd4 Qh4 19. Bxg4 Bxg4 20. Re1 Bxc1 21. Nxe8 Bxb2 22. Qxb2 Nf6 23. Nf3 Bxf3 24. Nxf6+ Kf8 25. gxf3 1-0

[Event "Weiz-ch op 11th"]
[Site "Weiz"]
[Date "2012.03.25"]
[Round "5"]
[White "Kasparova, Tatiana"]
[Black "Kropik, Martin"]
[Result "1/2-1/2"]
[WhiteElo "2119"]
[BlackElo "2075"]
[PlyCount "99"]
[EventDate "2012.03.21"]
[EventType "swiss"]
[EventRounds "5"]
[EventCountry "AUT"]
[SourceTitle "EXT 2024"]
[Source "ChessBase"]
[SourceDate "2023.10.10"]
[SourceVersion "1"]
[SourceVersionDate "2023.10.10"]
[SourceQuality "1"]

1. e4 c5 2. Nf3 g6 3. c4 Nc6 4. d4 cxd4 5. Nxd4 Nf6 6. Nc3 Nxd4 7. Qxd4 d6 8. Be3 Bg7 9. Qd2 0-0 10. f3 Qa5 11. Be2 Be6 12. Rc1 Rfc8 13. b3 Rab8 14. 0-0 a6 15. Rfd1 b5 16. Nd5 Qxd2 17. Bxd2 Nxd5 18. cxd5 Bd7 19. Kf2 Bb2 20. Rxc8+ Rxc8 21. Bd3 Bd4+ 22. Ke2 Be5 23. g3 Bd4 24. Be3 Bc3 25. Rc1 Kf8 26. Bd2 Bxd2 27. Rxc8+ Bxc8 28. Kxd2 b4 29. Ke3 h6 30. Kd4 a5 31. f4 f6 32. e5 g5 33. e6 Kg7 34. Ke3 Bb7 35. Bc4 f5 36. Kd4 Kf6 37. Be2 Bc8 38. h4 Bb7 39. h5 Bc8 40. Bc4 Bb7 41. Kd3 Kg7 42. Kc2 Kf8 43. Kb2 gxf4 44. gxf4 Ke8 45. a3 Kd8 46. axb4 axb4 47. Kc2 Kc7 48. Kd3 Kb6 49. Kd4 Ba6 50. Bxa6 1/2-1/2

[Event "Weiz-ch op 11th"]
[Site "Weiz"]
[Date "2012.03.22"]
[Round "2"]
[White "Kropik, Martin"]
[Black "Almer, Gerald"]
[Result "1/2-1/2"]
[WhiteElo "2075"]
[BlackElo "2118"]
[PlyCount "87"]
[EventDate "2012.03.21"]
[EventType "swiss"]
[EventRounds "5"]
[EventCountry "AUT"]
[SourceTitle "EXT 2024"]
[Source "ChessBase"]
[SourceDate "2023.10.10"]
[SourceVersion "1"]
[SourceVersionDate "2023.10.10"]
[SourceQuality "1"]

1. d4 c5 2. d5 d6 3. c4 g6 4. Nc3 Bg7 5. e4 Nh6 6. Nf3 0-0 7. Be2 Nd7 8. Ng5 a6 9. h4 Ne5 10. h5 f5 11. hxg6 hxg6 12. Ne6 Bxe6 13. Bxh6 Bxh6 14. Rxh6 Kg7 15. Qd2 f4 16. Rh4 g5 17. Rh5 Bf7 18. Rxg5+ Bg6 19. 0-0-0 Kh6 20. g3 Kxg5 21. gxf4+ Kf6 22. fxe5+ dxe5 23. Rg1 Qd6 24. Qg5+ Kf7 25. f4 Qf6 26. fxe5 Qxg5+ 27. Rxg5 Rg8 28. Bg4 Kg7 29. Be6 Kh6 30. Rg3 Rg7 31. Rh3+ Kg5 32. Kd2 Kf4 33. Rh4+ Kxe5 34. Ke3 Bf7 35. Bxf7 Rxf7 36. Rh5+ Kd6 37. e5+ Kc7 38. Ne4 Rg8 39. Rh6 Rf5 40. Re6 Rf7 41. Nxc5 Rg3+ 42. Ke4 Rg4+ 43. Ke3 Rg3+ 44. Ke4 1/2-1/2

[Event "Semriach op 10th"]
[Site "Semriach"]
[Date "2011.05.01"]
[Round "5"]
[White "Kropik, Martin"]
[Black "Meggeneder, Heinrich"]
[Result "1-0"]
[WhiteElo "2071"]
[BlackElo "1969"]
[PlyCount "111"]
[EventDate "2011.04.27"]
[EventType "swiss"]
[EventRounds "5"]
[EventCountry "AUT"]
[SourceTitle "CBM 142 Extra"]
[Source "ChessBase"]
[SourceDate "2011.06.27"]
[SourceVersion "1"]
[SourceVersionDate "2011.06.27"]
[SourceQuality "1"]

1. d4 Nf6 2. c4 e6 3. Nc3 d5 4. cxd5 exd5 5. Bg5 Be7 6. Qc2 0-0 7. e3 Nbd7 8. Bd3 Re8 9. Nge2 Nf8 10. 0-0 c6 11. f3 Be6 12. Bh4 Rc8 13. Bf2 c5 14. Rad1 a6 15. dxc5 Bxc5 16. Nf4 Qc7 17. Bf5 Bb4 18. Nfe2 b5 19. Qd3 N8d7 20. Bxe6 fxe6 21. Bg3 Qa7 22. Kh1 Nb6 23. b3 Bc5 24. e4 Qf7 25. exd5 exd5 26. Nd4 Bb4 27. Nce2 Nfd7 28. Rc1 Ba3 29. Rxc8 Rxc8 30. Nc2 Be7 31. Ned4 Bf6 32. Re1 Re8 33. Rxe8+ Qxe8 34. Qe2 Qxe2 35. Nxe2 Nc5 36. Bf2 Nbd7 37. Nb4 Kf7 38. Nxd5 Nd3 39. Be3 Bd8 40. Nd4 Ba5 41. Kg1 Nf6 42. Nxf6 Kxf6 43. Kf1 Nb4 44. Bd2 Nc6 45. Bxa5 Nxa5 46. Ke2 Nb7 47. Ke3 Ke5 48. f4+ Kd5 49. g4 Nd6 50. f5 Ke5 51. Nc6+ Kf6 52. Kf4 h6 53. h4 Nb7 54. g5+ hxg5+ 55. hxg5+ Kf7 56. b4 1-0

[Event "Semriach op 10th"]
[Site "Semriach"]
[Date "2011.04.28"]
[Round "2"]
[White "Kropik, Martin"]
[Black "Schnider, Gert"]
[Result "0-1"]
[WhiteElo "2071"]
[BlackElo "2357"]
[PlyCount "94"]
[EventDate "2011.04.27"]
[EventType "swiss"]
[EventRounds "5"]
[EventCountry "AUT"]
[SourceTitle "CBM 142 Extra"]
[Source "ChessBase"]
[SourceDate "2011.06.27"]
[SourceVersion "1"]
[SourceVersionDate "2011.06.27"]
[SourceQuality "1"]

1. d4 d5 2. c4 c6 3. Nc3 Nf6 4. Bg5 dxc4 5. a4 Qa5 6. Nf3 Bg4 7. Ne5 Nbd7 8. Bxf6 Nxf6 9. Nxg4 Nxg4 10. e3 Qb4 11. Bxc4 Qxc4 12. Qxg4 e6 13. Qe2 Qxe2+ 14. Kxe2 0-0-0 15. Rhc1 Be7 16. Rab1 a5 17. Rc2 Rd7 18. Rd1 Rhd8 19. Rcd2 Bd6 20. Rd3 Bb4 21. Na2 Be7 22. Nc3 Kc7 23. Kf3 Ra8 24. Ke2 Ra6 25. Kd2 Rb6 26. Kc2 Rb4 27. b3 Kc8 28. Na2 Rb6 29. Nc3 Rd8 30. Kb2 Ra6 31. Kc2 Ra8 32. Kb2 Rb8 33. Rc1 Rd7 34. e4 Kc7 35. Kc2 Rbd8 36. Rcd1 Kb6 37. f3 Ka6 38. Ne2 Rc8 39. Nc3 b5 40. Kb2 Rb7 41. Rc1 Rbc7 42. e5 Kb6 43. Ne4 Rd8 44. Nc5 Rd5 45. Rdc3 Rxd4 46. axb5 Kxb5 47. R1c2 Rd5 0-1

[Event "Weiz op 10th"]
[Site "Weiz"]
[Date "2011.04.10"]
[Round "5"]
[White "Kasparova, Tatiana"]
[Black "Kropik, Martin"]
[Result "1/2-1/2"]
[WhiteElo "2152"]
[BlackElo "2071"]
[PlyCount "52"]
[EventDate "2011.04.07"]
[EventType "swiss"]
[EventRounds "5"]
[EventCountry "AUT"]
[SourceTitle "CBM 141 Extra"]
[Source "ChessBase"]
[SourceDate "2011.05.03"]
[SourceVersion "1"]
[SourceVersionDate "2011.05.03"]
[SourceQuality "1"]

1. e4 e5 2. Nf3 d6 3. d4 exd4 4. Nxd4 Nf6 5. Nc3 Be7 6. Be2 0-0 7. 0-0 Re8 8. Bc4 c6 9. a4 Nbd7 10. h3 Nc5 11. Re1 Bf8 12. Bg5 h6 13. Bh4 g5 14. Bg3 Ncxe4 15. Nxe4 Rxe4 16. c3 c5 17. Rxe4 Nxe4 18. Ne2 Be6 19. Bxe6 fxe6 20. Qd3 Nxg3 21. Qg6+ Kh8 22. Nxg3 Qe8 23. Qf6+ Bg7 24. Qf3 d5 25. Nh5 Qg6 26. Re1 Re8 1/2-1/2

[Event "Weiz op 10th"]
[Site "Weiz"]
[Date "2011.04.07"]
[Round "1"]
[White "Kropik, Martin"]
[Black "Kasparov, Sergey"]
[Result "0-1"]
[WhiteElo "2071"]
[BlackElo "2473"]
[PlyCount "40"]
[EventDate "2011.04.07"]
[EventType "swiss"]
[EventRounds "5"]
[EventCountry "AUT"]
[SourceTitle "CBM 141 Extra"]
[Source "ChessBase"]
[SourceDate "2011.05.03"]
[SourceVersion "1"]
[SourceVersionDate "2011.05.03"]
[SourceQuality "1"]

1. d4 Nf6 2. c4 c5 3. d5 b5 4. cxb5 a6 5. b6 d6 6. Nc3 Nbd7 7. Nf3 g6 8. e4 Bg7 9. Nd2 Nxb6 10. a4 Rb8 11. a5 Na8 12. Nc4 0-0 13. Be2 Bd7 14. e5 Ne8 15. Bf4 Bb5 16. exd6 exd6 17. Qd2 Bxc4 18. Bxc4 Nac7 19. 0-0 Rb4 20. b3 Bxc3 0-1

[Event "Berlin Lichtenrade op 06th"]
[Site "Berlin"]
[Date "2010.10.18"]
[Round "3"]
[White "Kropik, Martin"]
[Black "Radovanovic, Jovica"]
[Result "1/2-1/2"]
[WhiteElo "2084"]
[BlackElo "2305"]
[PlyCount "73"]
[EventDate "2010.10.16"]
[EventType "swiss"]
[EventRounds "9"]
[EventCountry "GER"]
[SourceTitle "CBM 138 Extra"]
[Source "ChessBase"]
[SourceDate "2010.10.29"]
[SourceVersion "1"]
[SourceVersionDate "2010.10.29"]
[SourceQuality "1"]

1. d4 Nf6 2. c4 c6 3. Nc3 d5 4. Bg5 dxc4 5. a4 h6 6. Bxf6 exf6 7. e4 Bb4 8. Bxc4 0-0 9. Nge2 a5 10. 0-0 Na6 11. Qd3 Bd6 12. f4 Nb4 13. Qf3 Be6 14. b3 f5 15. e5 Be7 16. Rad1 Qb6 17. Kh1 Rad8 18. Bxe6 fxe6 19. g4 c5 20. gxf5 cxd4 21. f6 Bxf6 22. exf6 dxc3 23. fxg7 Rf7 24. Rxd8+ Qxd8 25. Nxc3 Qd3 26. Ne4 Qxf3+ 27. Rxf3 Kxg7 28. Rg3+ Kh7 29. Nd6 Rxf4 30. Nxb7 Nc6 31. Rc3 Rb4 32. Rxc6 Rxb7 33. Rxe6 Rxb3 34. Ra6 Ra3 35. Rxa5 Ra2 36. h4 Kg7 37. h5 1/2-1/2

[Event "Niederoesterreich Landesliga 0506"]
[Site "Austria"]
[Date "2006.03.05"]
[Round "11"]
[White "Weiss, Christian"]
[Black "Kropik, Martin"]
[Result "1-0"]
[WhiteElo "2397"]
[BlackElo "2112"]
[PlyCount "65"]
[EventDate "2005.09.18"]
[EventType "team-tourn"]
[EventRounds "13"]
[EventCountry "AUT"]
[SourceTitle "EXT 2022"]
[Source "ChessBase"]
[SourceDate "2021.10.06"]
[SourceVersion "1"]
[SourceVersionDate "2021.10.06"]
[SourceQuality "1"]

1. d4 Nf6 2. Nf3 g6 3. c4 Bg7 4. Nc3 d5 5. e3 0-0 6. cxd5 Nxd5 7. Bc4 Nxc3 8. bxc3 c5 9. 0-0 Nc6 10. Ba3 b6 11. dxc5 Bxc3 12. Rc1 Bf6 13. Qa4 Bb7 14. Bb5 Qc7 15. cxb6 axb6 16. Qb3 Rfc8 17. Rfd1 Qb8 18. Nd2 Qa7 19. Nb1 Qa5 20. h3 Nd8 21. Bf1 Rxc1 22. Rxc1 Ne6 23. f4 Be4 24. Bd3 Bxd3 25. Qxd3 Rd8 26. Qb3 Ng7 27. Bb4 Qh5 28. Nc3 Ne6 29. Ne4 Qe2 30. Re1 Qb5 31. Bxe7 Qxb3 32. Nxf6+ Kh8 33. axb3 1-0

[Event "Niederoesterreich Landesliga 0506"]
[Site "Austria"]
[Date "2006.01.22"]
[Round "9"]
[White "Strobel, Ferdinand"]
[Black "Kropik, Martin"]
[Result "0-1"]
[WhiteElo "2004"]
[BlackElo "2112"]
[PlyCount "40"]
[EventDate "2005.09.18"]
[EventType "team-tourn"]
[EventRounds "13"]
[EventCountry "AUT"]
[SourceTitle "EXT 2022"]
[Source "ChessBase"]
[SourceDate "2021.10.06"]
[SourceVersion "1"]
[SourceVersionDate "2021.10.06"]
[SourceQuality "1"]

1. d4 f5 2. c4 Nf6 3. Nc3 g6 4. Bg5 Bg7 5. h4 d6 6. h5 Nxh5 7. Rxh5 gxh5 8. e4 0-0 9. Qxh5 Nc6 10. Nf3 fxe4 11. Nxe4 Bf5 12. Bd3 Bg6 13. Qh4 Rxf3 14. gxf3 Nxd4 15. 0-0-0 Nxf3 16. Qh3 Bxe4 17. Qe6+ Kf8 18. Qxe4 Nxg5 19. Qf5+ Nf7 20. Rg1 e6 0-1

[Event "Donau op 14th"]
[Site "Aschach"]
[Date "2005.12.26"]
[Round "1"]
[White "Kropik, Martin"]
[Black "Tratar, Marko"]
[Result "0-1"]
[WhiteElo "2121"]
[BlackElo "2440"]
[PlyCount "48"]
[EventDate "2005.12.26"]
[EventType "swiss"]
[EventRounds "7"]
[EventCountry "AUT"]
[SourceTitle "CBM 110 Extra"]
[Source "ChessBase"]
[SourceDate "2006.03.10"]
[SourceVersion "2"]
[SourceVersionDate "2006.03.10"]
[SourceQuality "1"]

1. d4 d6 2. c4 e5 3. Nf3 e4 4. Nfd2 f5 5. e3 Nf6 6. Nc3 c5 7. d5 g6 8. Be2 Bg7 9. 0-0 0-0 10. Qc2 Nbd7 11. b3 Ne5 12. Bb2 Bd7 13. Rae1 g5 14. f3 exf3 15. Nxf3 Nfg4 16. Nxe5 Nxe3 17. Qb1 Bxe5 18. Rf3 Ng4 19. Nb5 Bxb5 20. cxb5 Bxb2 21. Qxb2 Ne5 22. Re3 Qf6 23. Kh1 f4 24. Rh3 Ng4 0-1

[Event "Niederoesterreich Landesliga 0506"]
[Site "Austria"]
[Date "2005.12.18"]
[Round "8"]
[White "Polsterer, Heinz"]
[Black "Kropik, Martin"]
[Result "1-0"]
[WhiteElo "2023"]
[BlackElo "2112"]
[PlyCount "57"]
[EventDate "2005.09.18"]
[EventType "team-tourn"]
[EventRounds "13"]
[EventCountry "AUT"]
[SourceTitle "EXT 2022"]
[Source "ChessBase"]
[SourceDate "2021.10.06"]
[SourceVersion "1"]
[SourceVersionDate "2021.10.06"]
[SourceQuality "1"]

1. e4 d6 2. d4 g6 3. f4 Bg7 4. Nf3 Nd7 5. Bc4 a6 6. 0-0 c5 7. c3 b5 8. Bd5 Rb8 9. Bxf7+ Kxf7 10. Ng5+ Ke8 11. Ne6 Qb6 12. Nxg7+ Kf7 13. Ne6 Kxe6 14. f5+ gxf5 15. d5+ Kf7 16. Qh5+ Kf8 17. Rxf5+ Ndf6 18. Rf3 h6 19. Be3 Qd8 20. Nd2 Qe8 21. Qh4 Qg6 22. e5 dxe5 23. Bxc5 Ke8 24. d6 Nd7 25. dxe7 Ngf6 26. Raf1 Nh7 27. Rf8+ Nhxf8 28. exf8Q+ Nxf8 29. Qe7# 1-0

[Event "Niederoesterreich Landesliga 0506"]
[Site "Austria"]
[Date "2005.11.27"]
[Round "6"]
[White "Kropik, Martin"]
[Black "Brehovsky, Paul"]
[Result "0-1"]
[WhiteElo "2112"]
[BlackElo "2025"]
[PlyCount "88"]
[EventDate "2005.09.18"]
[EventType "team-tourn"]
[EventRounds "13"]
[EventCountry "AUT"]
[SourceTitle "EXT 2022"]
[Source "ChessBase"]
[SourceDate "2021.10.06"]
[SourceVersion "1"]
[SourceVersionDate "2021.10.06"]
[SourceQuality "1"]

1. d4 e6 2. c4 d5 3. Nc3 Nf6 4. cxd5 exd5 5. Bg5 Nbd7 6. e3 c6 7. Bd3 Be7 8. Qc2 Nh5 9. Bxe7 Qxe7 10. Nge2 g6 11. 0-0-0 Ng7 12. Ng3 Nb6 13. Rhe1 Be6 14. Kb1 0-0-0 15. Na4 Nxa4 16. Qxa4 Kb8 17. Rc1 h5 18. Rc3 h4 19. Ne2 Bf5 20. Nf4 g5 21. Bxf5 Nxf5 22. Nd3 Nd6 23. Nc5 Ne4 24. Ra3 a6 25. Nxa6+ bxa6 26. Qxa6 Qb7 27. Qa5 Kc8 28. f3 Nd6 29. Rb3 Qc7 30. Qc5 Nc4 31. Rc3 Kd7 32. e4 Rhe8 33. b3 Rb8 34. a4 Qa5 35. Qxa5 Nxa5 36. Ka2 Rb4 37. Rd3 Kd6 38. Ree3 Rb7 39. Ka3 Rbe7 40. e5+ Kc7 41. g3 f6 42. f4 gxf4 43. gxf4 fxe5 44. fxe5 Rf8 0-1

[Event "Niederoesterreich Landesliga 0506"]
[Site "Austria"]
[Date "2005.10.30"]
[Round "4"]
[White "Posch, Roland"]
[Black "Kropik, Martin"]
[Result "1/2-1/2"]
[WhiteElo "2066"]
[BlackElo "2112"]
[PlyCount "27"]
[EventDate "2005.09.18"]
[EventType "team-tourn"]
[EventRounds "13"]
[EventCountry "AUT"]
[SourceTitle "EXT 2022"]
[Source "ChessBase"]
[SourceDate "2021.10.06"]
[SourceVersion "1"]
[SourceVersionDate "2021.10.06"]
[SourceQuality "1"]

1. e4 c5 2. Nf3 Nc6 3. c3 e5 4. Bb5 Qc7 5. 0-0 Nf6 6. d3 Be7 7. Nbd2 0-0 8. Nc4 d6 9. Ne3 a6 10. Bc4 b5 11. Nd5 Nxd5 12. Bxd5 Bg4 13. Bxc6 Bxf3 14. Qxf3 1/2-1/2

[Event "Niederoesterreich Landesliga 0506"]
[Site "Austria"]
[Date "2005.10.16"]
[Round "3"]
[White "Kropik, Martin"]
[Black "Wiedner, Robert"]
[Result "1-0"]
[WhiteElo "2112"]
[BlackElo "2172"]
[PlyCount "53"]
[EventDate "2005.09.18"]
[EventType "team-tourn"]
[EventRounds "13"]
[EventCountry "AUT"]
[SourceTitle "EXT 2022"]
[Source "ChessBase"]
[SourceDate "2021.10.06"]
[SourceVersion "1"]
[SourceVersionDate "2021.10.06"]
[SourceQuality "1"]

1. d4 Nf6 2. c4 e6 3. Nc3 Bb4 4. e3 c5 5. Bd3 Nc6 6. Nge2 d6 7. Bd2 e5 8. d5 Ne7 9. Ng3 0-0 10. 0-0 Bxc3 11. Bxc3 Bg4 12. f3 Bd7 13. f4 Ng4 14. fxe5 Ng6 15. Bxg6 hxg6 16. Qf3 Qh4 17. h3 Nxe5 18. Bxe5 dxe5 19. Ne4 b6 20. b3 f5 21. Nc3 g5 22. d6 e4 23. Qd1 Kh7 24. Qd5 Qg3 25. Rae1 Rab8 26. Re2 Rf6 27. Nxe4 1-0